000 00312nam a2200121Ia 4500
008 180730s9999||||xx |||||||||||||| ||und||
082 _a823
_bMAR/M
100 _aMarketing Management
245 0 _aManagement Control Systems
260 _aNagaland
_bThe Global Open University
_c2011
300 _a215p
942 _aBK
999 _c2168
_d2168